| 000 | 006160000a22001810004500 | ||
|---|---|---|---|
| 003 | MACL | ||
| 005 | 20160602160944.0 | ||
| 008 | 160602b xxu||||| |||| 00| 0 eng d | ||
| 040 |
_aMACL _cMACL |
||
| 041 | _aHindi | ||
| 082 | _a920 | ||
| 100 |
_aकाम्बोज, वेद प्रकाश _961799 |
||
| 245 |
_aशेख फरीद और उनका रचना संसार _cवेद प्रकाश काम्बोज |
||
| 260 |
_bकृति प्रकाशन _c2008 _aदिल्ली |
||
| 350 | _a160 | ||
| 650 |
_aBiography _961800 |
||
| 942 |
_cHIN _k920/KAM _2ddc |
||
| 999 |
_c42270 _d42270 |
||